000 00523nam a22002057a 4500
001 00028798
005 20260416142427.0
008 260416b ag ||||| |||| 00| 0 spa d
020 _a9502108124
040 _bspa
_cAR-CcCEOS
080 _a982
090 _bROU
100 _aCurruhuinca-Roux
_91066
245 _aSayhuque :
_bel ultimo cacique /
_cCurruhuinca-Roux
250 _a3ยช ed.
260 _aBuenos Aires :
_bPlus Ultra,
_cc1994.
300 _a200 p. ;
_c24x15 cm.
650 0 _acacique
942 _2udc
_cBK
999 _c28834
_d28834
945 _a66467
_bMelina Rolando
_c66467
_dMelina Rolando